| 000 | 00713cad a22002415a 4500 | ||
|---|---|---|---|
| 001 | L159021 | ||
| 008 | 121219e2015 xxk 000 0 eng d | ||
| 035 | _a(Sirsi) u159021 | ||
| 041 | 0 | _aeng | |
| 100 | 1 | _aParrett, Mike | |
| 245 | 0 | 0 | _aOne flue over the cuckoo's nest |
| 260 | _c2015 | ||
| 490 |
_aRICS Property Journal _vDecember 2015 - January 2016, 38-41(4) |
||
| 520 | _aLooks at how faulty chimneys can cause dampness inside a property. | ||
| 650 | 2 | 4 | _aDAMP |
| 650 | 2 | 4 | _aBS EN 15287-1:2007 |
| 650 | 2 | 4 | _aCHIMNEYS |
| 650 | 2 | 4 | _aVENTILATION |
| 651 | 4 | _aUnited Kingdom | |
| 690 | _aBuilding materials and defects | ||
| 710 |
_aRoyal Institution of Chartered Surveyors _94900 |
||
| 942 |
_n0 _2ddc |
||
| 999 |
_c84776 _d84776 |
||